Dni tygodnia po niemiecku - Statystyki

Ogólne statystyki
  • Ten quiz został rozwiązany 153 razy
  • Średni wynik to 6 z 7
Statystyki odpowiedzi
Polski Niemiecki % Poprawnych
Poniedziałek Montag
95%
Piątek Freitag
87%
Niedziela Sonntag
86%
Czwartek Donnerstag
85%
Wtorek Dienstag
80%
Środa Mittwoch
80%
Sobota Samstag
70%
Nie znaleziono quizów pasujących do podanych kryteriów
Rozkład punktacji
Procent ludzi z każdym wynikiem
Percentyl według liczby udzielonych odpowiedzi
Twoja historia wyników
Nie rozwiązałeś tego quizu